00231nam a22000737a 4500008004100000245008700041260001000128300001900138210716b ||||| |||| 00| 0 eng d aThe international journal on Hydropower and DamsbVolume twenty six, issue 5, 2019 c2019. a123 p.c29 cm.